[Event "CCM10 - GRENKE Rapid WCh"]
[Site "Mainz"]
[Date "2010.08.07"]
[Round "4"]
[White "Fedorovsky, M."]
[Black "Volokitin, And"]
[Result "1/2-1/2"]
[WhiteElo "2423"]
[BlackElo "2661"]
[PlyCount "118"]
[EventDate "2010.08.07"]
[EventCountry "GER"]

1. d4 f5 2. g3 Nf6 3. Bg2 g6 4. c4 Bg7 5. Nf3 O-O 6. O-O d6 7. Nc3 Qe8 8. d5
Na6 9. Rb1 Nc5 10. b4 Nce4 11. Nxe4 Nxe4 12. Bb2 Bxb2 13. Rxb2 a5 14. a3 axb4
15. axb4 e5 16. dxe6 Bxe6 17. Qd3 Qf7 18. Rc1 Qf6 19. Qd4 Kg7 20. c5 dxc5 21.
bxc5 Bd5 22. Qxf6+ Kxf6 23. Nd2 Rfd8 24. Nxe4+ fxe4 25. Rb4 Re8 26. Rd1 Bc6 27.
f3 Ra2 28. Kf1 Rc2 29. fxe4 Ke5 30. Rd5+ Bxd5 31. exd5 Rf8+ 32. Bf3 Rxc5 33.
Rxb7 g5 34. h3 h5 35. g4 h4 36. Kg2 Kd4 37. Ra7 Rb8 38. Ra6 Rb6 39. Ra8 Rg6 40.
Re8 Rxd5 41. Bxd5 Kxd5 42. Rd8+ Kc4 43. Kf3 c5 44. Ke4 Rf6 45. Rg8 Kb3 46. Rxg5
c4 47. Rb5+ Kc2 48. g5 Re6+ 49. Kf5 Rxe2 50. g6 c3 51. g7 Rg2 52. Ke6 Kd1 53.
Rd5+ Ke1 54. Rc5 Kd2 55. Kf7 c2 56. g8=Q Rxg8 57. Kxg8 c1=Q 58. Rxc1 Kxc1 59.
Kf7 Kd2 1/2-1/2

[Event "CCM10 - GRENKE Rapid WCh"]
[Site "Mainz"]
[Date "2010.08.07"]
[Round "4"]
[White "Gashimov, V."]
[Black "Seel, C."]
[Result "1-0"]
[WhiteElo "2719"]
[BlackElo "2483"]
[PlyCount "107"]
[EventDate "2010.08.07"]
[EventCountry "GER"]

1. e4 e5 2. Nf3 d6 3. d4 exd4 4. Nxd4 Nf6 5. Nc3 Be7 6. Bd3 O-O 7. O-O Nc6 8.
Nxc6 bxc6 9. Bf4 Nd7 10. Qd2 Bf6 11. Rad1 Rb8 12. b3 Nc5 13. Be3 Nxd3 14. cxd3
a5 15. d4 Be7 16. Rfe1 f5 17. Rc1 Bd7 18. e5 dxe5 19. dxe5 Be6 20. Qxd8 Rfxd8
21. Na4 Bd5 22. Bc5 Bg5 23. Rcd1 Kf7 24. f3 Be6 25. Kf2 Bd2 26. Re2 Bf4 27.
Rxd8 Rxd8 28. g3 Bd2 29. Be3 Bb4 30. Rc2 Bd5 31. Bc5 Re8 32. Bxb4 axb4 33. f4
g5 34. Ke3 Kg6 35. Nc5 h5 36. Na6 Be4 37. Rd2 h4 38. Nxc7 Re7 39. Rd6+ Kh5 40.
Ne6 hxg3 41. hxg3 Kg4 42. Nxg5 Bb1 43. e6 Bxa2 44. Rd7 Re8 45. e7 Kh5 46. Ne6
Kg6 47. Nc7 Kf7 48. Nxe8 Kxe8 49. Rb7 c5 50. Rc7 Bxb3 51. Rxc5 Be6 52. Rc7 b3
53. Kd4 Bd7 54. Rb7 1-0

[Event "CCM10 - GRENKE Rapid WCh"]
[Site "Mainz"]
[Date "2010.08.07"]
[Round "4"]
[White "Grischuk, A."]
[Black "Lobzhanidze, D."]
[Result "1-0"]
[WhiteElo "2760"]
[BlackElo "2513"]
[PlyCount "61"]
[EventDate "2010.08.07"]
[EventCountry "GER"]

1. Nf3 Nf6 2. d4 e6 3. c4 Bb4+ 4. Bd2 Qe7 5. g3 Nc6 6. Nc3 Bxc3 7. Bxc3 Ne4 8.
Rc1 d6 9. d5 Nxc3 10. Rxc3 Nb8 11. dxe6 fxe6 12. Nd4 O-O 13. Bg2 e5 14. Re3 Qd8
15. Nb5 Nc6 16. c5 a6 17. Nc3 Bf5 18. Qb3+ Kh8 19. Qxb7 Nd4 20. Qxa8 Nc2+ 21.
Kd2 Nxe3 22. Qxd8 Nc4+ 23. Kc1 Rxd8 24. Rd1 g6 25. Bd5 Na5 26. b4 c6 27. bxa5
cxd5 28. Rxd5 Rc8 29. Kd2 dxc5 30. Rxe5 Rb8 31. Rxc5 1-0

[Event "CCM10 - GRENKE Rapid WCh"]
[Site "Mainz"]
[Date "2010.08.07"]
[Round "4"]
[White "Kamsky, G."]
[Black "Zatonskih, A."]
[Result "1-0"]
[WhiteElo "2713"]
[BlackElo "2470"]
[PlyCount "77"]
[EventDate "2010.08.07"]
[EventCountry "GER"]

1. e4 d5 2. exd5 Qxd5 3. Nc3 Qd6 4. d4 c6 5. g3 Nf6 6. Bg2 Bg4 7. Nge2 h6 8.
O-O e6 9. h3 Bf5 10. g4 Bh7 11. Ng3 Nbd7 12. Re1 Be7 13. a4 O-O 14. h4 Qc7 15.
g5 hxg5 16. hxg5 Nd5 17. Nxd5 cxd5 18. c3 Bd6 19. Qg4 Rae8 20. a5 Bg6 21. Bd2
f5 22. gxf6 Rxf6 23. Bg5 Rff8 24. Rxe6 Rxe6 25. Qxe6+ Bf7 26. Qg4 Bxg3 27. fxg3
Qc6 28. Re1 Nf6 29. Bxf6 Qxf6 30. Re5 Rd8 31. Qe2 Qg6 32. g4 Qh6 33. g5 Qg6 34.
Kh2 Qd6 35. Qe3 Qc7 36. Qg3 Qd6 37. g6 Be6 38. Qh4 Re8 39. Kg1 1-0

[Event "CCM10 - GRENKE Rapid WCh"]
[Site "Mainz"]
[Date "2010.08.07"]
[Round "4"]
[White "Karjakin, Sergey"]
[Black "Davies, Ni"]
[Result "1-0"]
[WhiteElo "2747"]
[BlackElo "2494"]
[PlyCount "97"]
[EventDate "2010.08.07"]
[EventCountry "GER"]

1. e4 c5 2. Nf3 e6 3. d4 cxd4 4. Nxd4 a6 5. Bd3 g6 6. O-O Bg7 7. Nb3 Ne7 8. c4
O-O 9. Nc3 d5 10. cxd5 exd5 11. Bg5 dxe4 12. Bxe4 Qxd1 13. Rfxd1 Nbc6 14. Nc5
Bf5 15. Bf3 h6 16. Bf4 Rfc8 17. Nxb7 Nd4 18. Rxd4 Bxd4 19. Nd6 g5 20. Be3 Be5
21. Nxc8 Rxc8 22. Rc1 Be6 23. Be2 a5 24. Bd2 Rd8 25. Be1 Nc6 26. Nb5 Nb4 27. a3
Na2 28. Rd1 Rxd1 29. Bxd1 Bxb2 30. Bxa5 Nc1 31. Bc3 Nd3 32. Bc2 Bxc3 33. Nxc3
Nc5 34. f3 Kf8 35. Kf2 Ke7 36. Ke3 Kd6 37. Ne4+ Kc6 38. Kd4 Nb7 39. g4 Na5 40.
Nf6 Nc4 41. a4 Nd2 42. Ke3 Nc4+ 43. Kf2 Kc5 44. Ng8 Kd4 45. Nxh6 Ne3 46. Be4
Nc4 47. Kg3 Bd7 48. Nxf7 Bxa4 49. Nxg5 1-0

[Event "CCM10 - GRENKE Rapid WCh"]
[Site "Mainz"]
[Date "2010.08.07"]
[Round "4"]
[White "Riff, JN."]
[Black "Bologan, V."]
[Result "0-1"]
[WhiteElo "2500"]
[BlackElo "2695"]
[PlyCount "96"]
[EventDate "2010.08.07"]
[EventCountry "GER"]

1. e4 g6 2. d4 Bg7 3. Nc3 c6 4. Nf3 d6 5. h3 Nf6 6. Be3 O-O 7. Qd2 b5 8. Bd3
Nbd7 9. O-O e5 10. a4 b4 11. Ne2 exd4 12. Nfxd4 c5 13. Nf3 Qc7 14. c4 Bb7 15.
Ng3 Rfe8 16. Bh6 Ne5 17. Bxg7 Kxg7 18. Rad1 Nxf3+ 19. gxf3 Ng8 20. Rfe1 Rad8
21. Bf1 Qe7 22. Bg2 Qh4 23. f4 Ne7 24. b3 Nc6 25. Qb2+ Kg8 26. e5 dxe5 27. Rxd8
Nxd8 28. Bxb7 Nxb7 29. Rxe5 Rd8 30. Ne4 Qxf4 31. Re7 Rd4 32. Re8+ Kg7 33. Kg2
Nd6 34. Nxd6 Qxd6 35. Qe2 Qc6+ 36. Kh2 Rf4 37. Kg3 Rf6 38. Re5 Qh1 39. f4 h5
40. Qe3 Qf1 41. Rxc5 Rxf4 42. Rxh5 gxh5 43. Qxf4 Qe1+ 44. Kg2 Qe2+ 45. Kg3 Kg6
46. Qd6+ f6 47. Qxb4 h4+ 48. Kxh4 Qf2+ 0-1

[Event "CCM10 - GRENKE Rapid WCh"]
[Site "Mainz"]
[Date "2010.08.07"]
[Round "4"]
[White "Schneider, Il"]
[Black "Shirov, A."]
[Result "1/2-1/2"]
[WhiteElo "2515"]
[BlackElo "2749"]
[Annotator "Mike Rosa"]
[PlyCount "43"]
[EventDate "2010.08.07"]
[EventCountry "GER"]

1. d4 d5 2. c4 c6 3. Nf3 Nf6 4. e3 Bf5 5. Nc3 e6 6. Nh4 Bg6 7. Be2 Nbd7 8. O-O
Ne4 9. Nxg6 hxg6 10. Nxe4 Qh4 11. h3 dxe4 12. d5 Ne5 13. b3 exd5 14. Bb2 Qg5
15. cxd5 cxd5 16. f4 exf3 17. Bxf3 {Die schwarze Situation ist trotz des
Mehrbauers gar nicht so einfach, denn sein König steht im Zentrum sehr
gefährdet. Aus diesem Grund zog Shirov nun} Bd6 {, statt den e-Bauer mit
Schach zu schlagen. Wahrscheinlich wäre dies jedoch die einzige Möglichkeit
gewesen, einen vollen Punkt zu erzielen.} (17... Qxe3+ $5 {Die Gefahren für
Schwarz sind offensichtlich. Er muss in der Folge Re1 verhindern.} 18. Kh1 Nd3
$8 {Der Springer deckt nun das Feld e1, greift den Bb2 an und zudem sieht
natürlich Nf2+ gefährlich aus. Letzteres ist bei genauerem Hinsehen jedoch
keine Drohung.} 19. Bc3 f5 $5 $17 {Hätte Shirov erkannt, dass er in dieser
Stellung haarscharf alle weißen Drohungen im Griff hat und Weiß sich nicht
weiter verstärken kann, der Direktor des Schachzoos wäre in arge Erklärungsnot
geraten.} (19... Nf2+ $4 {wäre dagegen ein böser Fehler, denn nach} 20. Rxf2
Qxf2 21. Qxd5 $18 {steht Weiß mit der neuerlichen Drohung Re1+ auf Gewinn.}))
18. Qxd5 Rxh3 $5 ({Sicherer geschah} 18... Nxf3+ 19. Qxf3 O-O $11) 19. Qxd6 {
Weiß geht auf Nummer sicher und zwingt seinen Gegner zur Punktteilung.} ({Die
Alternative bestand in} 19. Be4 $5 Qxe3+ 20. Rf2 {, wonach Schwarz} Nf3+ {
finden muss, was nach weiter} 21. Bxf3 Bh2+ 22. Kf1 Bg3 23. Qe4+ Qxe4 24. Bxe4
Rh1+ 25. Ke2 Rxa1 26. Bxa1 Bxf2 27. Bxb7 Rd8 28. Kxf2 Rd2+ 29. Ke3 Rxa2 {so
gerade zum Remis reichen sollte.}) 19... Nxf3+ 20. Rxf3 Rxf3 21. Ba3 Qxe3+ 22.
Kh1 1/2-1/2

[Event "CCM10 - GRENKE Rapid WCh"]
[Site "Mainz"]
[Date "2010.08.07"]
[Round "5"]
[White "Alber, H."]
[Black "Gustafsson, J."]
[Result "0-1"]
[WhiteElo "2336"]
[BlackElo "2643"]
[PlyCount "82"]
[EventDate "2010.08.07"]
[EventCountry "GER"]

1. d4 d5 2. c4 e6 3. Nc3 c6 4. cxd5 exd5 5. Bf4 Bd6 6. Bxd6 Qxd6 7. e3 Ne7 8.
Nf3 O-O 9. Bd3 Bf5 10. Qc2 Bxd3 11. Qxd3 Nd7 12. O-O Ng6 13. b4 a6 14. a4 b5
15. Rab1 Nb6 16. g3 Rfe8 17. e4 dxe4 18. Nxe4 Qd5 19. Nc3 Qh5 20. Rfe1 Red8 21.
Re4 Nxa4 22. Nxa4 bxa4 23. Qe2 Qb5 24. Qe3 a5 25. h4 axb4 26. h5 Qxh5 27. Rxb4
a3 28. Rb1 a2 29. Ra1 Qd5 30. Ne5 Nxe5 31. Rxe5 Qd6 32. Kg2 h6 33. Qe4 Ra4 34.
Re8+ Rxe8 35. Qxe8+ Kh7 36. Qxf7 Qd5+ 37. Qxd5 cxd5 38. Kf3 Kg6 39. g4 Kg5 40.
Kg3 Ra3+ 41. f3 g6 0-1

[Event "CCM10 - GRENKE Rapid WCh"]
[Site "Mainz"]
[Date "2010.08.07"]
[Round "5"]
[White "Aronian, L."]
[Black "Pelletier, Y."]
[Result "1-0"]
[WhiteElo "2783"]
[BlackElo "2589"]
[PlyCount "79"]
[EventDate "2010.08.07"]
[EventCountry "GER"]

1. d4 Nf6 2. c4 e6 3. g3 d5 4. Nf3 Bb4+ 5. Bd2 Be7 6. Bg2 c6 7. O-O Nbd7 8. Qc2
b6 9. Bf4 Ba6 10. Nbd2 O-O 11. Rfc1 Nh5 12. cxd5 Nxf4 13. gxf4 cxd5 14. e3 Bd6
15. Ne5 Rc8 16. Qa4 Nb8 17. Bf1 Bxf1 18. Kxf1 Qe7 19. Ndf3 h6 20. Rc2 Qb7 21.
Rac1 a6 22. Qb3 Rxc2 23. Qxc2 b5 24. f5 Qe7 25. Ke2 Re8 26. Rg1 Bxe5 27. Nxe5
Nd7 28. Qc7 Nxe5 29. Qxe5 f6 30. Qxe6+ Qxe6 31. fxe6 Rxe6 32. Rc1 Kf7 33. Rc7+
Kg6 34. Rd7 Rc6 35. Kd2 Kf5 36. Rxg7 h5 37. f3 Rc8 38. h4 Rc6 39. Rh7 Kg6 40.
Rd7 1-0

[Event "CCM10 - GRENKE Rapid WCh"]
[Site "Mainz"]
[Date "2010.08.07"]
[Round "5"]
[White "Bareev, E."]
[Black "Dann, M."]
[Result "1-0"]
[WhiteElo "2663"]
[BlackElo "2334"]
[PlyCount "39"]
[EventDate "2010.08.07"]
[EventCountry "GER"]

1. d4 Nf6 2. c4 g6 3. Nc3 Bg7 4. e4 d6 5. h3 O-O 6. Bg5 c5 7. d5 b5 8. cxb5 a6
9. a4 Qa5 10. Bd2 Qb4 11. Qb1 Nbd7 12. Nf3 e6 13. Be2 axb5 14. Bxb5 Ba6 15.
dxe6 fxe6 16. Nd1 Qxe4+ 17. Qxe4 Nxe4 18. Bxd7 Kf7 19. Bc6 Nxd2 20. Bxa8 1-0

[Event "CCM10 - GRENKE Rapid WCh"]
[Site "Mainz"]
[Date "2010.08.07"]
[Round "5"]
[White "Bologan, V."]
[Black "Jaracz, P."]
[Result "1-0"]
[WhiteElo "2695"]
[BlackElo "2541"]
[PlyCount "108"]
[EventDate "2010.08.07"]
[EventCountry "GER"]

1. e4 c5 2. Nf3 e6 3. d4 cxd4 4. Nxd4 Nc6 5. Nc3 Qc7 6. Be3 a6 7. Be2 Nf6 8. a3
Na5 9. g4 d6 10. g5 Nd7 11. f4 b5 12. O-O g6 13. f5 Ne5 14. Qe1 Nac4 15. Bxc4
Qxc4 16. Rd1 Be7 17. Qg3 Bb7 18. Qh3 gxf5 19. exf5 Rg8 20. f6 Bd8 21. Qxh7 Rf8
22. Qh5 Bb6 23. Qe2 O-O-O 24. Qxc4+ Nxc4 25. Bf2 Nxb2 26. Rde1 Nc4 27. Nxe6
Bxf2+ 28. Rxf2 Rde8 29. Rfe2 fxe6 30. Rxe6 Ne5 31. R1xe5 dxe5 32. Rxe8+ Rxe8
33. f7 Kd7 34. fxe8=Q+ Kxe8 35. Kf2 Kf7 36. Ke3 Kg6 37. Ne4 Bc6 38. h4 a5 39.
c3 Kh5 40. Nf6+ Kg6 41. Kf2 Kf5 42. Kg3 e4 43. Ng4 Be8 44. Ne3+ Ke5 45. Kg4
Bd7+ 46. Kh5 Kf4 47. Nd5+ Kf3 48. g6 Be6 49. Nc7 Bc4 50. g7 e3 51. Nxb5 Ke2 52.
Nd6 Be6 53. Nf5 Kd3 54. Nxe3 Bc8 1-0

[Event "CCM10 - GRENKE Rapid WCh"]
[Site "Mainz"]
[Date "2010.08.07"]
[Round "5"]
[White "Hausrath, D."]
[Black "Kamsky, G."]
[Result "0-1"]
[WhiteElo "2537"]
[BlackElo "2713"]
[PlyCount "93"]
[EventDate "2010.08.07"]
[EventCountry "GER"]

1. Nf3 Nf6 2. g3 d5 3. Bg2 c6 4. c4 g6 5. b3 Bg7 6. Bb2 O-O 7. O-O a5 8. d3 a4
9. Na3 Na6 10. cxd5 Nxd5 11. Bxg7 Kxg7 12. Qd2 axb3 13. axb3 f6 14. Nc4 Be6 15.
e4 Ndb4 16. d4 Bf7 17. Rfd1 Qc7 18. Qc3 Rfd8 19. Ne3 Qd6 20. h4 Nc7 21. e5 Ncd5
22. Nxd5 Nxd5 23. exd6 Nxc3 24. dxe7 Re8 25. Rxa8 Rxa8 26. Re1 Re8 27. Bh3 f5
28. Ng5 Bg8 29. g4 fxg4 30. Bxg4 Nd5 31. Bc8 b6 32. Bd7 Rxe7 33. Rxe7+ Nxe7 34.
b4 Nd5 35. Bxc6 Nxb4 36. Bb5 Nc2 37. Nf3 Na3 38. Bd3 b5 39. Nd2 b4 40. h5 gxh5
41. Kg2 b3 42. Kg3 b2 43. Nb1 Nxb1 44. Bxb1 Kf6 45. Kf4 Bf7 46. f3 Bg6 47. Ba2
0-1

[Event "CCM10 - GRENKE Rapid WCh"]
[Site "Mainz"]
[Date "2010.08.07"]
[Round "5"]
[White "Kasimdzhanov, R."]
[Black "Kosteniuk, A."]
[Result "1-0"]
[WhiteElo "2699"]
[BlackElo "2519"]
[PlyCount "97"]
[EventDate "2010.08.07"]
[EventCountry "GER"]

1. e4 e5 2. Nf3 Nc6 3. Bb5 a6 4. Ba4 Nf6 5. O-O Be7 6. d3 b5 7. Bb3 O-O 8. a4
Bb7 9. Re1 d6 10. Nbd2 Qd7 11. Nf1 Rae8 12. Ng3 Bd8 13. axb5 axb5 14. Be3 Ne7
15. Bg5 Ng6 16. Ra7 Qc8 17. Qd2 Qb8 18. Rea1 Nd7 19. Be3 Ne7 20. h4 Nc6 21.
R7a3 Bf6 22. Nh5 Be7 23. Bh6 g6 24. Ng3 Bf6 25. Bxf8 Rxf8 26. h5 b4 27. hxg6
hxg6 28. R3a2 Nc5 29. Bd5 Ne7 30. Bxb7 Qxb7 31. Ra7 Qb6 32. Ra8 Nc8 33. Nh2 Bg7
34. Ng4 Ne6 35. Ne3 Nf4 36. Ne2 c6 37. Nc4 Qb7 38. Nxf4 exf4 39. Qxf4 d5 40.
exd5 cxd5 41. Ne5 d4 42. Nc4 Re8 43. b3 Qe7 44. Qf3 Qc5 45. Qb7 Qf5 46. g3 Kh7
47. Kg2 Re2 48. Qf3 Qxf3+ 49. Kxf3 1-0

[Event "CCM10 - GRENKE Rapid WCh"]
[Site "Mainz"]
[Date "2010.08.07"]
[Round "5"]
[White "Milov, L."]
[Black "Gashimov, V."]
[Result "0-1"]
[WhiteElo "2562"]
[BlackElo "2719"]
[PlyCount "84"]
[EventDate "2010.08.07"]
[EventCountry "GER"]

1. e4 c5 2. Nf3 d6 3. d4 cxd4 4. Nxd4 Nf6 5. Nc3 a6 6. Bg5 Nbd7 7. Qe2 h6 8.
Bh4 Qc7 9. O-O-O g5 10. Bg3 e6 11. h4 Rg8 12. hxg5 hxg5 13. Qd2 Ne5 14. f3 Bd7
15. Kb1 Rb8 16. Bd3 b5 17. Nce2 Qb6 18. Ka1 Be7 19. Rb1 Rc8 20. Bf2 Nxd3 21.
Qxd3 e5 22. Rh6 Qc7 23. Nb3 Qxc2 24. Qe3 Qc7 25. Rhh1 Qb8 26. Rbc1 Bd8 27. Rxc8
Bxc8 28. Rc1 Be6 29. Qc3 Kf8 30. Rd1 Kg7 31. Qd2 Ne8 32. Ng3 Rh8 33. Nf5+ Bxf5
34. exf5 Qc8 35. g4 Rh2 36. Rc1 Qb7 37. Qe3 Nc7 38. Bg1 Rg2 39. Rd1 Qc6 40. Qd3
Bf6 41. Rc1 e4 42. Rxc6 exd3 0-1

[Event "CCM10 - GRENKE Rapid WCh"]
[Site "Mainz"]
[Date "2010.08.07"]
[Round "5"]
[White "Poetsch, H."]
[Black "Inarkiev, E."]
[Result "0-1"]
[WhiteElo "2402"]
[BlackElo "2671"]
[PlyCount "114"]
[EventDate "2010.08.07"]
[EventCountry "GER"]

1. e4 c5 2. Nf3 e6 3. Nc3 Nc6 4. d4 cxd4 5. Nxd4 d6 6. Be3 a6 7. Qd2 Nf6 8. f3
Be7 9. O-O-O O-O 10. h4 Nd7 11. Bg5 Bxg5 12. hxg5 Nxd4 13. Qxd4 Qxg5+ 14. Kb1
b5 15. Qxd6 Rb8 16. f4 Qf6 17. Bd3 h6 18. g3 e5 19. Qxf6 Nxf6 20. Nd5 Nxd5 21.
exd5 Bg4 22. Rdf1 Rfd8 23. fxe5 Rxd5 24. Rf4 Be6 25. Re1 Kf8 26. a4 Rc8 27.
axb5 axb5 28. Bf5 Ke7 29. Bxe6 Kxe6 30. Ref1 Rc7 31. Rg4 g6 32. Rgf4 Rd2 33. c3
Rg2 34. Re1 Rxg3 35. Rf6+ Ke7 36. Rb6 h5 37. Rxb5 h4 38. e6 fxe6 39. Rb6 Kf7
40. Rbxe6 Rc5 41. Re7+ Kf6 42. Rh7 g5 43. Re2 h3 44. Kc2 g4 45. Kd2 Kg6 46. Rh8
Rf5 47. b4 Rd5+ 48. Ke1 Rxc3 49. Rg8+ Kh5 50. Re4 Rg5 51. Rh8+ Kg6 52. Re6+ Kf5
53. Rb6 Kf4 54. b5 Rb3 55. Rf6+ Kg3 56. b6 Rgb5 57. Rhh6 Ra3 0-1

[Event "CCM10 - GRENKE Rapid WCh"]
[Site "Mainz"]
[Date "2010.08.07"]
[Round "5"]
[White "Schwekendiek, Ulrich"]
[Black "Naiditsch, Arkadij"]
[Result "1-0"]
[WhiteElo "2279"]
[BlackElo "2684"]
[Annotator "Mike Rosa"]
[PlyCount "41"]
[EventDate "2010.08.07"]
[EventCountry "GER"]

1. e4 e5 2. f4 exf4 3. Nf3 g5 4. h4 g4 5. Ne5 d5 $6 {Dieser Versuch, umgehend
theoretische Pfade zu verlassen, wird sich nicht bewähren.} ({Gebräuchlich ist
eher} 5... d6 {oder}) (5... Nf6 {.}) 6. exd5 Bd6 $6 (6... Qxd5 $142) 7. d4 Nf6
8. Nc3 Nh5 $2 {Der Versuch, den f-Bauern zu halten, verliert in der Tat glatt.}
(8... O-O $142 9. Bxf4 Nh5 10. g3 $16) 9. Bb5+ $1 {Weiß bereitet mit
Tempogewinn die kurze Rochade vor.} Kf8 10. Bxf4 $3 {Doch vorher schnappt er
sich den scheinbar gedeckten Bauern!} Nxf4 11. O-O $18 {Weiß steht auf Gewinn!}
Ng6 12. Nxf7 Bh2+ {Die einzige praktische Chance, den vielen
Abzugsmöglichkeiten zu entgehen. Doch nach} 13. Kxh2 Qxh4+ 14. Kg1 g3 {ist es
eben der Nachziehende, der zuerst mahlt.} 15. Ng5+ Kg7 $2 {Das beschleunigt
das Ende.} ({Aber} 15... Kg8 16. Nf3 $18 {macht natürlich auch keinen Spaß
mehr.}) 16. Rf7+ Kg8 {Schwarz droht nichts, also} 17. Nce4 $1 {und nach} Qh2+
18. Kf1 Qh1+ 19. Ke2 Bg4+ 20. Kd3 Nf4+ 21. Kc4 {gab sich die deutsche Nummer 1
geschlagen.} 1-0

[Event "CCM10 - GRENKE Rapid WCh"]
[Site "Mainz"]
[Date "2010.08.07"]
[Round "5"]
[White "Tregubov, P."]
[Black "Grischuk, A."]
[Result "0-1"]
[WhiteElo "2610"]
[BlackElo "2760"]
[PlyCount "50"]
[EventDate "2010.08.07"]
[EventCountry "GER"]

1. d4 Nf6 2. c4 e6 3. Nf3 d5 4. Nc3 c6 5. g3 Nbd7 6. Bg2 dxc4 7. O-O b5 8. a4
b4 9. Nb1 Ba6 10. Bg5 Rc8 11. Nbd2 c5 12. Rc1 cxd4 13. Nxd4 Qb6 14. Nb5 Bxb5
15. axb5 Qxb5 16. Bxf6 gxf6 17. Ne4 Be7 18. Qd2 O-O 19. Rfd1 Rfd8 20. Nd6 Bxd6
21. Qxd6 Ne5 22. Qe7 Rxd1+ 23. Rxd1 Kg7 24. h3 c3 25. bxc3 bxc3 0-1

[Event "CCM10 - GRENKE Rapid WCh"]
[Site "Mainz"]
[Date "2010.08.08"]
[Round "6"]
[White "Gashimov, V."]
[Black "Gustafsson, J."]
[Result "1-0"]
[WhiteElo "2719"]
[BlackElo "2643"]
[PlyCount "101"]
[EventDate "2010.08.07"]
[EventCountry "GER"]

1. e4 e5 2. Nf3 Nc6 3. Bb5 a6 4. Ba4 Nf6 5. O-O Be7 6. Re1 b5 7. Bb3 O-O 8. h3
Bb7 9. d3 d6 10. a3 Qd7 11. Nbd2 Rfe8 12. Nf1 Nd8 13. g4 Kh8 14. Ng3 Ne6 15.
Ng5 Nxg5 16. Bxg5 d5 17. Nf5 Bd8 18. Bxf6 Bxf6 19. Qf3 c6 20. Rad1 Rad8 21. c4
Bg5 22. c5 Re6 23. d4 exd4 24. exd5 cxd5 25. Bc2 g6 26. Nxd4 Rf6 27. Qc3 Kg8
28. Nf3 h6 29. Nxg5 d4 30. Qd2 hxg5 31. Qxg5 Kg7 32. Be4 Bxe4 33. Rxe4 d3 34.
Qe5 Qd5 35. Qxd5 Rxd5 36. b4 a5 37. Kg2 axb4 38. axb4 d2 39. Re2 Rf4 40. Rexd2
Rxd2 41. Rxd2 Rxb4 42. Rc2 Rd4 43. c6 Rd8 44. Kf3 b4 45. Ke4 Kf6 46. c7 Rc8 47.
Kd3 Ke6 48. h4 Kd7 49. h5 gxh5 50. gxh5 b3 51. Rc4 1-0

[Event "CCM10 - GRENKE Rapid WCh"]
[Site "Mainz"]
[Date "2010.08.08"]
[Round "6"]
[White "Grischuk, A."]
[Black "Kasimdzhanov, R."]
[Result "0-1"]
[WhiteElo "2760"]
[BlackElo "2699"]
[Annotator "Mike Rosa"]
[PlyCount "188"]
[EventDate "2010.08.07"]
[EventCountry "GER"]

1. Nf3 Nf6 2. c4 c6 3. Nc3 d5 4. e3 g6 5. Be2 Bg7 6. O-O O-O 7. d4 dxc4 8. Bxc4
Bg4 9. h3 Bxf3 10. Qxf3 Nbd7 11. Rd1 e5 12. d5 e4 13. Nxe4 Ne5 14. Nxf6+ Bxf6
15. Qe2 Nxc4 16. Qxc4 cxd5 17. Rxd5 Rc8 18. Qb3 Qe7 19. Bd2 Qe4 20. Bb4 Rfd8
21. Rxd8+ Rxd8 22. Rc1 h5 23. Bc3 Rc8 24. Rd1 Bxc3 25. bxc3 Qc6 26. c4 Qxc4 27.
Qxb7 Rc7 28. Rd8+ Kh7 29. Qb8 Qc3 30. Kh2 Re7 31. Rd4 Qc5 32. Qf8 Qe5+ 33. g3
Qf6 34. Rf4 Qe6 35. g4 Rd7 36. gxh5 g5 {Hier wähnte sich Grischuk nicht zu
Unrecht in Vorteil und spielte ohne Zögern} 37. h6 $4 {, denn schließlich
droht nun ja das Matt auf g7. Allerdings hatte er dabei eine Kleinigkeit
übersehen.} ({Nach einfach} 37. Rf3 $18 {läuft die richtige Gewinnidee h5-h6
nicht weg.}) 37... Qe5 $1 $19 {Ups, jetzt ist der Turm gefesselt und das Matt
gedeckt! In der Folge machte es Kasimdzhanov zwar noch unnötig spannend, aber
letztlich gewann er gegen einen der ganz heißen Titelanwärter.} 38. Qc8 Rd5 39.
Qf8 gxf4 40. Qxf7+ Kxh6 41. Qf8+ Kg6 42. Qg8+ Kf6 43. Qf8+ Ke6 44. exf4 Qf6 45.
Qe8+ Qe7 46. Qc6+ Rd6 47. Qc8+ Kd5 48. Qf5+ Kd4 49. Qc2 Kd5 50. Qf5+ Kc6 51.
Qc8+ Qc7 52. Qa6+ Qb6 53. Qc8+ Kb5 54. Qc2 Qc5 55. Qb3+ Ka5 56. Qe3 Kb5 57.
Qb3+ Qb4 58. Qe3 Rd4 59. Qe8+ Ka5 60. Qe5+ Ka4 61. f5 Qd2 62. Kg3 Rd3+ 63. f3
Ka3 64. f6 Rd5 65. Qe7+ Kxa2 66. Qxa7+ Ra5 67. Qf7+ Ka1 68. h4 Qe1+ 69. Kh3
Qf1+ 70. Kg3 Qg1+ 71. Kh3 Ra3 72. Qh5 Qe3 73. f7 Qf4 74. f8=Q Qxf8 75. Qe5+ Ka2
76. Qe2+ Kb1 77. Qd1+ Kb2 78. Qd2+ Kb3 79. Qd3+ Kb4 80. Qd4+ Ka5 81. Qa7+ Kb5
82. Qb7+ Kc5 83. Qc7+ Kd4 84. Qb6+ Ke5 85. Qc7+ Qd6 86. Qg7+ Kd5 87. Qg5+ Kc6
88. Kg4 Qe6+ 89. Kg3 Qe1+ 90. Kg4 Qg1+ 91. Kh5 Qxg5+ 92. hxg5 Rxf3 93. g6 Rg3
94. Kh6 Kd5 0-1

[Event "CCM10 - GRENKE Rapid WCh"]
[Site "Mainz"]
[Date "2010.08.08"]
[Round "6"]
[White "Inarkiev, E."]
[Black "Aronian, L."]
[Result "1/2-1/2"]
[WhiteElo "2671"]
[BlackElo "2783"]
[PlyCount "89"]
[EventDate "2010.08.07"]
[EventCountry "GER"]

1. e4 e5 2. Nf3 Nc6 3. Bb5 Nf6 4. d3 Bc5 5. Bxc6 dxc6 6. h3 Nd7 7. Be3 Bd6 8.
Nbd2 O-O 9. O-O Re8 10. c3 Nf8 11. d4 Ng6 12. Qc2 exd4 13. cxd4 Bf4 14. Rfe1
Qf6 15. Nf1 Be6 16. Ng3 Bxe3 17. Rxe3 Nf4 18. a3 a5 19. Qd2 Qh6 20. Rc1 Bd7 21.
Rc2 Qd6 22. Ne5 Be6 23. Rf3 Ng6 24. Nc4 Bxc4 25. Rxc4 Ne5 26. Rc1 Nxf3+ 27.
gxf3 Re6 28. Nf5 Qf8 29. Kh1 g6 30. Nh6+ Kh8 31. d5 Rd6 32. Qf4 f6 33. Ng4 Re8
34. dxc6 bxc6 35. Kg2 f5 36. e5 g5 37. Qg3 f4 38. Qh2 Rde6 39. h4 gxh4 40. Qxh4
Qg7 41. Kf1 Qg6 42. Nf6 Rf8 43. Qxf4 Qd3+ 44. Kg2 Qg6+ 45. Kf1 1/2-1/2

[Event "CCM10 - GRENKE Rapid WCh"]
[Site "Mainz"]
[Date "2010.08.08"]
[Round "6"]
[White "Kamsky, G."]
[Black "Markowski, T."]
[Result "1-0"]
[WhiteElo "2713"]
[BlackElo "2628"]
[PlyCount "73"]
[EventDate "2010.08.07"]
[EventCountry "GER"]

1. d4 Nf6 2. Nf3 e6 3. Bg5 h6 4. Bh4 c5 5. e3 b6 6. Nbd2 Bb7 7. c3 Be7 8. Bd3
O-O 9. O-O d6 10. e4 cxd4 11. cxd4 Nbd7 12. Re1 a6 13. a4 Nh5 14. Bg3 Nxg3 15.
hxg3 Re8 16. Nf1 Bf8 17. Ne3 Nf6 18. Nd2 g6 19. Rc1 Bg7 20. b4 Nd7 21. Nb3 Nf6
22. Nd2 Nd7 23. Ndc4 Qe7 24. d5 exd5 25. exd5 a5 26. Qd2 Qf6 27. bxa5 Nc5 28.
Nxb6 Nb3 29. Qb4 Nxc1 30. Rxc1 Ra7 31. Bb5 Rxe3 32. fxe3 Qe5 33. Qf4 Qe7 34.
Rc4 Rxa5 35. Re4 Qc7 36. Re8+ Kh7 37. Nd7 1-0

[Event "CCM10 - GRENKE Rapid WCh"]
[Site "Mainz"]
[Date "2010.08.08"]
[Round "6"]
[White "Mohr, G."]
[Black "Howell, D."]
[Result "1/2-1/2"]
[WhiteElo "2511"]
[BlackElo "2616"]
[PlyCount "38"]
[EventDate "2010.08.07"]
[EventCountry "GER"]

1. c4 Nf6 2. Nc3 d5 3. cxd5 Nxd5 4. Nf3 g6 5. e4 Nxc3 6. dxc3 Qxd1+ 7. Kxd1 Nd7
8. Bf4 c6 9. Kc2 f6 10. Nd2 e5 11. Be3 Bc5 12. Bxc5 Nxc5 13. b4 Ne6 14. Nb3 Nc7
15. Bc4 Be6 16. Bxe6 Nxe6 17. Rhd1 Ke7 18. Rd2 Rhd8 19. Rad1 Rxd2+ 1/2-1/2